|
|
|
|
| LEADER |
00000nam a2200000 a 4500 |
| 001 |
UCP7020 |
| 003 |
CL-VaPUC |
| 008 |
991126e19990000CL |||||||||||||||||spa|d |
| 082 |
0 |
4 |
|a 372.372
|b ABA
|2 21
|
| 100 |
0 |
|
|a Abatte, Paola
|e author
|9 436400
|
| 700 |
0 |
|
|a Arriagada, Paula
|e author
|9 436401
|
| 700 |
0 |
|
|a González, Germán
|e author
|9 436402
|
| 245 |
1 |
0 |
|a Agentes educativos su rol en las jornadas de conversación sobre afectividad y sexualidad
|
| 300 |
|
|
|a 16 p
|
| 942 |
|
|
|c BK
|
| 945 |
|
|
|d 19991126 00:00:00
|a rbrito
|
| 260 |
|
|
|a Santiago
|b Minedec
|c 1999
|
| 600 |
0 |
7 |
|a JOCAS
|2 CL-VaPUC
|9 436403
|
| 650 |
|
0 |
|a Actividades extracurriculares
|9 307952
|
| 650 |
|
0 |
|a Educación sexual
|9 308005
|
| 650 |
|
0 |
|a Sexualidad
|9 358183
|
| 651 |
|
7 |
|a CHILE
|2 CL-VaPUC
|9 436404
|
| 583 |
|
|
|a last modification
|c 20170406 09:50:42
|k Rodrigo Vera
|
| 999 |
|
|
|c 284385
|d 284383
|
| 952 |
|
|
|0 0
|1 0
|4 0
|6 372_372000000000000_ABA_1999
|7 0
|8 P
|9 328376
|a BIBEDU
|b BIBEDU
|c BIBEDU_PB
|d 2019-11-20
|i 3580806
|o 372.372 ABA 1999
|p 3580806
|r 2024-01-25
|w 2019-11-20
|y BK
|k BME
|